LEADER 00891nam0-22003011i-450- 001 990001035400403321 005 20140122192810.0 035 $a000103540 035 $aFED01000103540 035 $a(Aleph)000103540FED01 035 $a000103540 100 $a20140122d1947----km-y0itay50------ba 101 0 $aeng 102 $aUS 200 1 $aIntroduction to non-linear mechanics$etopological methods, analytical methods, non-linear resonance, relaxation oscillations$fby N. Minorsky 210 $aAnn Arbor$cJ.W. Edwards$d1947 610 0 $aMeccanica classica 676 $a531 700 1$aMinorsky,$bNicholas$049346 801 0$aIT$bUNINA$gRICA$2UNIMARC 901 $aBK 912 $a990001035400403321 952 $a24-009.002$b1704$fFI1 952 $a32--H-14$b708$fMA1 959 $aFI1 959 $aMA1 996 $aIntroduction to non-linear mechanics$9338936 997 $aUNINA LEADER 01673nam 2200457 450 001 9910797501003321 005 20230725061107.0 035 $a(CKB)3710000000443251 035 $a(EBL)3425616 035 $a(OCoLC)940510713 035 $a(MiAaPQ)EBC3425616 035 $a(Au-PeEL)EBL3425616 035 $a(CaPaEBR)ebr11071205 035 $a(EXLCZ)993710000000443251 100 $a20081016h20102010 uy| 0 101 0 $aeng 135 $aur|n|---||||| 181 $2rdacontent 182 $2rdamedia 183 $2rdacarrier 200 10$aOrientalism in sinology /$fAdrian Chan 210 1$aPalo Alto, California :$cAcademica Press,$d[2010] 210 4$dİ2010 215 $a1 online resource (172 p.) 300 $aDescription based upon print version of record. 311 $a978-193-600-2 311 $a1-936320-00-2 320 $aIncludes bibliographical references and index. 327 $aIntroduction: Orientalism in sinology. -- In the beginning: the cosmogonic divide -- Universalism and ethnocentrism: Christianity, Chinese culture and sinology -- A supplanting vocabulary -- The Orientalist odyssey, I -- The Orientalist odyssey, II -- Contemporary politics and Orientalism, or the Empire strikes back! -- Reasons for its persistence: by way of a conclusion. 606 $aOrientalism$xHistory 607 $aChina$xStudy and teaching$xHistory 615 0$aOrientalism$xHistory. 676 $a951.0072 700 $aChan$b Adrian$f1936-$01509032 801 0$bMiAaPQ 801 1$bMiAaPQ 801 2$bMiAaPQ 906 $aBOOK 912 $a9910797501003321 996 $aOrientalism in sinology$93740586 997 $aUNINA